فساد / (Record no. 106067)

MARC details
000 -LEADER
fixed length control field 00767nam a22002657a 4500
005 - DATE AND TIME OF LATEST TRANSACTION
control field 20170123162302.0
010 ## - LIBRARY OF CONGRESS CONTROL NUMBER
LC control number B-098245
020 ## - INTERNATIONAL STANDARD BOOK NUMBER
Terms of availability 100.00
035 ## - SYSTEM CONTROL NUMBER
System control number B-098245
037 ## - SOURCE OF ACQUISITION
Source of stock number/acquisition Cen Lib/Ret
040 ## - CATALOGING SOURCE
Original cataloging agency DPL
Language of cataloging UR
082 ## - DEWEY DECIMAL CLASSIFICATION NUMBER
Classification number ن
Item number م ہ ر
100 ## - MAIN ENTRY--PERSONAL NAME
Personal name محرددیں خان
9 (RLIN) 140106
245 ## - TITLE STATEMENT
Title فساد /
Statement of responsibility, etc محرددیں خان
246 ## - VARYING FORM OF TITLE
Title proper/short title Fasaad
Remainder of title by Meharuddin Khan
260 ## - PUBLICATION, DISTRIBUTION, ETC. (IMPRINT)
Place of publication, distribution, etc نیی دہلی
Name of publisher, distributor, etc تخلیکر پبلیشر
Date of publication, distribution, etc 100.00
270 ## - ADDRESS
Address لکشمی نگر
City نیی دہلی
300 ## - PHYSICAL DESCRIPTION
Extent 108p.
Dimensions 21cm(Hb)
500 ## - GENERAL NOTE
General note Includes index
650 ## - SUBJECT ADDED ENTRY--TOPICAL TERM
Topical term or geographic name as entry element اردو ادب
9 (RLIN) 140107
650 ## - SUBJECT ADDED ENTRY--TOPICAL TERM
Topical term or geographic name as entry element اردو ناول
9 (RLIN) 140108
650 ## - SUBJECT ADDED ENTRY--TOPICAL TERM
Topical term or geographic name as entry element Urdu literature
9 (RLIN) 140109
650 ## - SUBJECT ADDED ENTRY--TOPICAL TERM
Topical term or geographic name as entry element Urdu novel
9 (RLIN) 140110
942 ## - ADDED ENTRY ELEMENTS (KOHA)
Source of classification or shelving scheme Dewey Decimal Classification
Koha item type Urdu Bks
Call number suffix م ہ ر
Holdings
Withdrawn status Lost status Damaged status Not for loan Home library Current library Date acquired Source of acquisition Cost, normal purchase price Total Checkouts Full call number Barcode Date last seen Copy number Cost, replacement price Price effective from Koha item type
        Central Library Central Library 20/06/2015 Cen Lib/Ret 100.00   ن م ہ ر B-098245 20/06/2015 1 100.00 20/06/2015 Urdu Bks

© Delhi Public Library
Hit Counter
free hit counter